Heat transfer (Record no. 3641)

000 -LEADER
fixed length control field 00564nam a2200229 a 4500
001 - CONTROL NUMBER
control field 3641
003 - CONTROL NUMBER IDENTIFIER
control field BD-DhUET
008 - FIXED-LENGTH DATA ELEMENTS--GENERAL INFORMATION
fixed length control field 960506s1997 nyua b 001 0 eng
020 ## - INTERNATIONAL STANDARD BOOK NUMBER
International Standard Book Number 0071143203
020 ## - INTERNATIONAL STANDARD BOOK NUMBER
International Standard Book Number 0078447852
040 ## - CATALOGING SOURCE
Original cataloging agency DLC
Transcribing agency DLC
Modifying agency BD-DhUET
082 00 - DEWEY DECIMAL CLASSIFICATION NUMBER
Classification number 621.011
Item number HOL/1997
100 1# - MAIN ENTRY--PERSONAL NAME
Personal name Holman, J. P.
245 10 - TITLE STATEMENT
Title Heat transfer
250 ## - EDITION STATEMENT
Edition statement 8th ed.
260 ## - PUBLICATION, DISTRIBUTION, ETC. (IMPRINT)
Place of publication, distribution, etc. New York
Name of publisher, distributor, etc. McGraw-Hill
Date of publication, distribution, etc. 1997
300 ## - PHYSICAL DESCRIPTION
Extent xviii, 696 p.
Other physical details ill.
490 ## - SERIES STATEMENT
Series statement Schaum's outline series
504 ## - BIBLIOGRAPHY, ETC. NOTE
Bibliography, etc Includes bibliographies
650 #0 - SUBJECT ADDED ENTRY--TOPICAL TERM
Topical term or geographic name as entry element Heat transfer
942 ## - ADDED ENTRY ELEMENTS (KOHA)
Koha item type General Book
Holdings
Koha out on loan Copy number Source of classification or shelving scheme Withdrawn status Price effective from Koha date last seen Koha item type Koha date last borrowed Koha full call number Not for loan Lost status Koha issues (times borrowed) Location (home branch) Piece designation (barcode) Date acquired Koha normalized classification for sorting Damaged status Shelving location Sublocation or collection (holding branch)
2025-05-111  2014-11-032025-04-27General Book2025-04-27621.011/HOL/1997  3Central Library, BUET924502014-11-03621_011000000000000_HOL_1997 Circulation sectionCentral Library, BUET
 2  2014-11-032014-11-03General Book 621.011/HOL/1997   Central Library, BUET924522014-11-03621_011000000000000_HOL_1997 Circulation sectionCentral Library, BUET
 3  2014-11-032016-07-30General Book 621.011/HOL/1997   Central Library, BUET924532014-11-03621_000000000000000_011HOL1997 Circulation sectionCentral Library, BUET
 4  2014-11-032022-06-08General Book2022-01-09621.011/HOL/1997  1Central Library, BUET924542014-11-03621_000000000000000_011HOL1997 Circulation sectionCentral Library, BUET
 5  2014-11-032024-10-28General Book2024-10-02621.011/HOL/1997  2Central Library, BUET924552014-11-03621_000000000000000_011HOL1997 Circulation sectionCentral Library, BUET
 6  2014-11-032024-08-31General Book2023-12-10621.011/HOL/1997  3Central Library, BUET924572014-11-03621_000000000000000_011HOL1997 Circulation sectionCentral Library, BUET
 7  2014-11-032014-11-03General Book 621.011/HOL/1997   Central Library, BUET924592014-11-03621_000000000000000_011HOL1997 Circulation sectionCentral Library, BUET
 8  2014-11-032024-08-28General Book2024-03-12621.011/HOL/1997  1Central Library, BUET924602014-11-03621_011000000000000_HOL_1997 Circulation sectionCentral Library, BUET
 9  2014-11-032024-06-22General Book2024-04-08621.011/HOL/1997  1Central Library, BUET924612014-11-03621_000000000000000_011HOL1997 Circulation sectionCentral Library, BUET
 10  2014-11-032025-03-12General Book2024-12-10621.011/HOL/1997  5Central Library, BUET924622014-11-03621_000000000000000_011HOL1997 Circulation sectionCentral Library, BUET
 11  2014-11-032017-05-03General Book2015-03-04621.011/HOL/1997  1Central Library, BUET924642014-11-03621_000000000000000_011HOL1997 Circulation sectionCentral Library, BUET
 12  2014-11-032019-07-10General Book2019-06-17621.011/HOL/1997  3Central Library, BUET924652014-11-03621_000000000000000_011HOL1997 Circulation sectionCentral Library, BUET
 13  2014-11-032022-06-08General Book2022-05-24621.011/HOL/1997  3Central Library, BUET924662014-11-03621_000000000000000_011HOL1997 Circulation sectionCentral Library, BUET
 14  2015-04-122015-04-12General Book 621.011 HOL/1997   Central Library, BUET924682015-04-12621_011000000000000_HOL_1997 Circulation sectionCentral Library, BUET
 15  2015-07-022015-07-02Reading Item 621.011/HOL/1997   Central Library, BUET924472015-07-02621_011000000000000_HOL_1997 Reading sectionCentral Library, BUET
 16  2015-07-092015-07-09Reading Item 621.011/HOL/1997   Central Library, BUET924462015-07-09621_011000000000000_HOL_1997 Reading sectionCentral Library, BUET